[Event "Toronto NAYCC U10 Girls"]
[Site "Toronto"]
[Date "2013.08.17"]
[Round "7"]
[White "Rajsic, Charlotte"]
[Black "Henry, Nadia"]
[Result "0-1"]
[WhiteElo "761"]
[BlackElo "1009"]
[PlyCount "146"]
[EventDate "2013.08.14"]
[EventType "swiss"]
[EventRounds "9"]
[EventCountry "CAN"]
[SourceTitle "EXT 2022"]
[Source "ChessBase"]
[SourceDate "2021.10.06"]
[SourceVersion "1"]
[SourceVersionDate "2021.10.06"]
[SourceQuality "1"]

1. Nf3 d5 2. g3 Nf6 3. Bg2 Nc6 4. 0-0 e5 5. e3 Bd6 6. Nc3 0-0 7. d4 exd4 8. exd4 h6 9. Re1 Be6 10. Bd2 Re8 11. Re3 Bg4 12. h3 Bh5 13. Nb5 a6 14. g4 axb5 15. gxh5 Nxh5 16. Rxe8+ Qxe8 17. Ng5 Nf6 18. Nf3 Rd8 19. c3 Rd7 20. Qc2 Re7 21. b4 Re2 22. Re1 Rxe1+ 23. Bxe1 Nd8 24. Bd2 Qe2 25. a3 Bf4 26. Bh1 Ne4 27. Qb3 Nxd2 28. Nxd2 Bxd2 29. Qxd5 Qe8 30. Be4 c6 31. Qf5 g6 32. Qg4 f5 33. Bxf5 g5 34. h4 Nf7 35. Be6 Kh8 36. h5 Bxc3 37. d5 cxd5 38. Bxd5 Bg7 39. Qf5 Ne5 40. Bxb7 Qf7 41. Qxf7 Nxf7 42. Bc6 Nd6 43. Kg2 Bb2 44. a4 bxa4 45. Bxa4 Kg7 46. Kg3 Ba3 47. b5 Bc5 48. f4 gxf4+ 49. Kxf4 Kf6 50. Kg4 Bf2 51. Bc2 Nc4 52. Bg6 Be1 53. Bf5 Ne3+ 54. Kf4 Nxf5 55. b6 Bf2 56. b7 Ba7 57. Kg4 Nd6 58. Kh4 Nxb7 59. Kg4 Bf2 60. Kf3 Kg5 61. Kxf2 Kxh5 62. Kg1 Kg5 63. Kh1 Nc5 64. Kg1 Ne4 65. Kh1 Ng3+ 66. Kh2 Kg4 67. Kg2 h5 68. Kh2 h4 69. Kg2 h3+ 70. Kh2 Ne4 71. Kh1 Kg3 72. Kg1 Nf2 73. Kf1 h2 0-1

[Event "Toronto NAYCC U10 Girls"]
[Site "Toronto"]
[Date "2013.08.16"]
[Round "4"]
[White "Henry, Nadia"]
[Black "Kathirkamar, Janani"]
[Result "1/2-1/2"]
[WhiteElo "1009"]
[BlackElo "973"]
[PlyCount "129"]
[EventDate "2013.08.14"]
[EventType "swiss"]
[EventRounds "9"]
[EventCountry "CAN"]
[SourceTitle "EXT 2022"]
[Source "ChessBase"]
[SourceDate "2021.10.06"]
[SourceVersion "1"]
[SourceVersionDate "2021.10.06"]
[SourceQuality "1"]

1. e4 e5 2. Nf3 Nc6 3. Bb5 d6 4. 0-0 Nf6 5. d3 Be7 6. c3 0-0 7. Be3 Bg4 8. h3 Bh5 9. Nbd2 a6 10. Ba4 d5 11. exd5 Nxd5 12. Bxc6 bxc6 13. Nc4 Bd6 14. Re1 f5 15. Bg5 Bxf3 16. Bxd8 Bxd1 17. Raxd1 Raxd8 18. Nxe5 Bxe5 19. Rxe5 Nf4 20. Re3 Rfe8 21. d4 c5 22. Rxe8+ Rxe8 23. dxc5 Re2 24. Rd8+ Kf7 25. Rd7+ Kf6 26. Rxc7 Rxb2 27. Ra7 Rxa2 28. c6 Re2 29. Rxa6 Re8 30. c7+ Kg5 31. Rc6 Rc8 32. Kf1 g6 33. c4 Nd3 34. Ke2 Nb4 35. Rc5 Na6 36. Rc6 Nxc7 37. Kf3 Kh6 38. g4 fxg4+ 39. hxg4 Kg7 40. Ke4 Kf8 41. Kd4 Ke8 42. f4 Kd7 43. Rf6 Ke7 44. g5 Ne6+ 45. Ke5 Rc5+ 46. Ke4 h5 47. Rxg6 Rxc4+ 48. Kf3 Rxf4+ 49. Kg3 Rg4+ 50. Kf3 Nxg5+ 51. Ke3 Rg3+ 52. Kf4 h4 53. Rh6 Ne6+ 54. Kf5 Nd4+ 55. Kf4 Ne2+ 56. Ke5 h3 57. Rh7+ Kf8 58. Rh8+ Kg7 59. Rh4 Ng1 60. Kf4 Rg2 61. Ke3 h2 62. Kf4 Kg6 63. Rh8 Rf2+ 64. Kg3 Rf3+ 65. Kxh2 1/2-1/2

[Event "Toronto NAYCC U10 Girls"]
[Site "Toronto"]
[Date "2013.08.14"]
[Round "1"]
[White "Garai, Antara"]
[Black "Henry, Nadia"]
[Result "1-0"]
[WhiteElo "1523"]
[BlackElo "1009"]
[PlyCount "57"]
[EventDate "2013.08.14"]
[EventType "swiss"]
[EventRounds "9"]
[EventCountry "CAN"]
[SourceTitle "EXT 2022"]
[Source "ChessBase"]
[SourceDate "2021.10.06"]
[SourceVersion "1"]
[SourceVersionDate "2021.10.06"]
[SourceQuality "1"]

1. e4 e5 2. Nf3 Nc6 3. Bb5 a6 4. Ba4 b5 5. Bb3 Bc5 6. 0-0 Nf6 7. c3 Nxe4 8. Qe2 d5 9. d3 Nf6 10. d4 Be7 11. dxe5 Ne4 12. Nbd2 Nxd2 13. Bxd2 0-0 14. Rad1 Bg4 15. Rfe1 Re8 16. h3 Bh5 17. e6 Bd6 18. Bxd5 Nd4 19. cxd4 Rb8 20. Qd3 Bg6 21. exf7+ Bxf7 22. Bxf7+ Kxf7 23. Ng5+ Kf8 24. Qf5+ Qf6 25. Nxh7+ Kf7 26. Nxf6 gxf6 27. Qh5+ Kf8 28. Bh6+ Kg8 29. Qg6+ 1-0